Club Squadra della stagione della UEFA Europa League - Statistics

Statistiche generali
  • Questo quiz è stato fatto 5 volte
    3 dall'ultimo reset
  • Il punteggio medio è 23 su 40
Statistiche sulle risposte
Numero apparizioni Edizioni apparizioni Nazione Squadra % Corretto
2 2018-2019; 2020-2021 Inghilterra Arsenal
100%
1 2018-2019 Inghilterra Chelsea
100%
5 2013-2014; 2014-2015; 2015-2016; 2019-2020; 2022-2023 Spagna Siviglia
100%
2 2016-2017; 2020-2021 Paesi Bassi Ajax
67%
1 2016-2017 Belgio Anderlecht
67%
1 2023-2024 Italia Atalanta
67%
1 2015-2016 Spagna Athletic Bilbao
67%
1 2017-2018 Spagna Atlético Madrid
67%
1 2019-2020 Svizzera Basilea
67%
3 2019-2020; 2022-2023; 2023-2024 Germania Bayer Leverkusen
67%
2 2013-2014; 2018-2019 Portogallo Benfica
67%
1 2015-2016 Germania Borussia Dortmund
67%
2 2018-2019; 2021-2022 Germania Eintracht Francoforte
67%
2 2013-2014; 2014-2015 Italia Fiorentina
67%
1 2019-2020 Italia Inter
67%
1 2013-2014 Italia Juventus
67%
1 2017-2018 Italia Lazio
67%
1 2015-2016 Inghilterra Liverpool
67%
5 2015-2016; 2016-2017; 2019-2020; 2020-2021; 2022-2023 Inghilterra Manchester United
67%
1 2017-2018 Italia Milan
67%
2 2013-2014; 2014-2015 Italia Napoli
67%
1 2016-2017 Francia Olympique Lione
67%
2 2017-2018; 2023-2024 Francia Olympique Marsiglia
67%
1 2013-2014 Portogallo Porto
67%
1 2021-2022 Scozia Rangers
67%
3 2020-2021; 2022-2023, 2023-2024 Italia Roma
67%
3 2013-2014; 2014-2015; 2017-2018 Austria Salisburgo
67%
2 2015-2016; 2019-2020 Ucraina Shakhtar Donetsk
67%
1 2017-2018 Portogallo Sporting Lisbona
67%
2 2015-2016; 2020-2021 Spagna Villarreal
67%
1 2019-2020 Danimarca Copenaghen
33%
1 2020-2021 Croazia Dinamo Zagabria
33%
2 2017-2018; 2021-2022 Germania Red Bull Lipsia
33%
1 2020-2021 Repubblica Ceca Slavia Praga
33%
1 2015-2016 Inghilterra Tottenham
33%
1 2022-2023 Belgio Union Saint-Gilloise
33%
1 2016-2017 Spagna Celta Vigo
0%
1 2014-2015 Ucraina Dnipro
0%
1 2021-2022 Inghilterra West Ham Utd
0%
1 2014-2015 Germania Wolfsburg
0%
Nessun quiz corrispondente trovato
Distribuzione punteggi
Percentuale di utenti per punteggio
Percentile per numero di risposta
I tuoi punteggi nel tempo
Non hai fatto questo quiz dall'ultimo reset